Normal view
MARC view
- Vinobave,
Entry Personal Name
001 - CONTROL NUMBER
- control field: 5828
003 - CONTROL NUMBER IDENTIFIER
- control field: OSt
005 - DATE AND TIME OF LATEST TRANSACTION
- control field: 20240213111302.0
008 - FIXED-LENGTH DATA ELEMENTS
- fixed length control field: 240213|| aca||aabn | a|a d
040 ## - CATALOGING SOURCE
- Original cataloging agency: OSt
- Transcribing agency: OSt
100 ## - HEADING--PERSONAL NAME
- Personal name: Vinobave,
670 ## - SOURCE DATA FOUND
- Source citation: Work cat.: (OSt)335: Vinobave, ., adisthana thozhil nool noolp / , 1956.
